[Event "Oberliga Nord W 1920"]
[Site "Germany"]
[Date "2021.07.10"]
[Round "8.6"]
[White "Polnau, Manuel"]
[Black "Hoellmann, Ludger"]
[Result "0-1"]
[WhiteElo "2038"]
[BlackElo "2120"]
[PlyCount "146"]
[EventDate "2019.09.29"]
[EventType "team-tourn"]
[EventRounds "9"]
[EventCountry "GER"]
[SourceTitle "EXT 2023"]
[Source "ChessBase"]
[SourceDate "2022.10.05"]
[SourceVersion "1"]
[SourceVersionDate "2022.10.05"]
[SourceQuality "1"]
[WhiteTeam "Hannover SF"]
[BlackTeam "Nordhorn Blanke"]
[WhiteTeamCountry "GER"]
[BlackTeamCountry "GER"]

1. e4 c6 2. d4 d5 3. Nc3 dxe4 4. Nxe4 Nd7 5. Bc4 Ngf6 6. Ng5 e6 7. Qe2 Nb6 8. Bb3 h6 9. N5f3 c5 10. Ne5 cxd4 11. Ngf3 Bd6 12. 0-0 0-0 13. Nxd4 Bc5 14. Ndf3 Bd7 15. Be3 Qc7 16. Rfd1 Rad8 17. Bxc5 Qxc5 18. Nxd7 Nbxd7 19. Rd2 Qb6 20. Rad1 Nc5 21. Ne5 Nfe4 22. Rxd8 Rxd8 23. Nc4 Qc7 24. f3 Rxd1+ 25. Qxd1 Nxb3 26. fxe4 Qc5+ 27. Kh1 Qxc4 28. axb3 Qxe4 29. h3 f5 30. Qd2 Kh7 31. Qf2 b6 32. c4 f4 33. Kh2 e5 34. c5 bxc5 35. Qxc5 Qd4 36. Qc8 Qd3 37. b4 Qg6 38. Qc7 Qg3+ 39. Kh1 e4 40. Qxa7 f3 41. gxf3 Qxh3+ 42. Kg1 Qg3+ 43. Kf1 Qxf3+ 44. Qf2 Qd3+ 45. Qe2 Qd4 46. b5 Kg6 47. Qg4+ Kf6 48. Qf4+ Ke6 49. b6 Qd3+ 50. Ke1 Qb1+ 51. Ke2 Qxb2+ 52. Ke1 Qxb6 53. Qxe4+ Kf7 54. Qf5+ Qf6 55. Qh5+ Qg6 56. Qf3+ Kg8 57. Qa8+ Kh7 58. Kf2 h5 59. Qh1 Qf5+ 60. Ke3 Kh6 61. Ke2 Qg4+ 62. Kf2 Qf4+ 63. Ke2 h4 64. Qh3 Kh5 65. Qc3 g5 66. Qg7 h3 67. Qh7+ Kg4 68. Qd7+ Kh4 69. Qh7+ Kg3 70. Qd3+ Kg2 71. Qd5+ Kh2 72. Ke1 Qg3+ 73. Kd1 Qg1+ 0-1

[Event "Niedersachsen-ch op A"]
[Site "Verden"]
[Date "2018.01.06"]
[Round "5"]
[White "Polnau, Manuel"]
[Black "Meyer, Heinz Dieter"]
[Result "1/2-1/2"]
[WhiteElo "2009"]
[BlackElo "2086"]
[PlyCount "36"]
[EventDate "2018.01.04"]
[EventType "swiss"]
[EventRounds "7"]
[EventCountry "GER"]
[SourceTitle "EXT 2022"]
[Source "ChessBase"]
[SourceDate "2021.10.06"]
[SourceVersion "1"]
[SourceVersionDate "2021.10.06"]
[SourceQuality "1"]

1. e4 c5 2. Nf3 g6 3. d4 cxd4 4. Qxd4 Nf6 5. Nc3 Nc6 6. Qa4 d6 7. e5 dxe5 8. Nxe5 Bd7 9. Nxd7 Nxd7 10. Bb5 Bg7 11. 0-0 0-0 12. Bg5 h6 13. Bh4 g5 14. Bg3 Nb6 15. Qe4 Bxc3 16. bxc3 Qd5 17. Bxc6 Qxc6 18. Rfe1 Qxe4 1/2-1/2

[Event "Niedersachsen-ch op A"]
[Site "Verden"]
[Date "2018.01.05"]
[Round "3"]
[White "Freitag, Christian"]
[Black "Polnau, Manuel"]
[Result "0-1"]
[WhiteElo "1830"]
[BlackElo "2009"]
[PlyCount "70"]
[EventDate "2018.01.04"]
[EventType "swiss"]
[EventRounds "7"]
[EventCountry "GER"]
[SourceTitle "EXT 2022"]
[Source "ChessBase"]
[SourceDate "2021.10.06"]
[SourceVersion "1"]
[SourceVersionDate "2021.10.06"]
[SourceQuality "1"]

1. Nf3 Nf6 2. g3 g6 3. Bg2 Bg7 4. 0-0 0-0 5. d3 d6 6. e4 e5 7. h3 c6 8. Be3 Nbd7 9. Ne1 d5 10. c3 Nb6 11. Nd2 Qe7 12. b4 Rd8 13. Qc2 Be6 14. f4 exf4 15. gxf4 dxe4 16. dxe4 Nc4 17. Nxc4 Bxc4 18. Rf2 Nxe4 19. Qxe4 Qxe4 20. Bxe4 Re8 21. Bd4 Bxd4 22. cxd4 Rxe4 23. Rd1 Rd8 24. f5 Rdxd4 25. Rxd4 Rxd4 26. Nc2 Rd1+ 27. Kh2 Bd3 28. Ne3 Re1 29. Ng2 Re2 30. Rxe2 Bxe2 31. f6 h6 32. Nf4 Bc4 33. a3 Kh7 34. Ng2 g5 35. Ne3 Be6 0-1

[Event "Hannover Bezirks op"]
[Site "Hannover"]
[Date "2017.05.20"]
[Round "7.3"]
[White "Polnau, Manuel"]
[Black "Stummeyer, Dieter"]
[Result "1-0"]
[WhiteElo "2021"]
[BlackElo "1885"]
[PlyCount "83"]
[EventDate "2017.01.21"]
[EventType "swiss"]
[EventRounds "7"]
[EventCountry "GER"]
[SourceTitle "EXT 2022"]
[Source "ChessBase"]
[SourceDate "2021.10.06"]
[SourceVersion "1"]
[SourceVersionDate "2021.10.06"]
[SourceQuality "1"]

1. e4 c5 2. Nf3 Nc6 3. Bb5 g6 4. Bxc6 dxc6 5. d3 Bg7 6. h3 e5 7. Nc3 Ne7 8. Be3 b6 9. Qd2 h5 10. a4 a5 11. b3 Qd6 12. Nh4 Bd7 13. 0-0 0-0-0 14. Ne2 f5 15. Bg5 Bf6 16. Nf3 f4 17. Bxf6 Qxf6 18. Qc3 g5 19. Qxe5 Qxe5 20. Nxe5 Rdf8 21. Nxd7 Kxd7 22. f3 Ng6 23. Rad1 g4 24. hxg4 hxg4 25. fxg4 Rh4 26. Rf3 Rxg4 27. g3 Ke6 28. Rdf1 Ke5 29. Kf2 fxg3+ 30. Nxg3 Nf4 31. Ke3 Ng2+ 32. Ke2 Nf4+ 33. Kd2 Rh8 34. R1f2 Rh3 35. Ne2 Rxf3 36. Rxf3 Nxe2 37. Kxe2 Kd4 38. Rf2 Kc3 39. Ke3 b5 40. e5 bxa4 41. bxa4 Kb4 42. Rf4+ 1-0

[Event "Hannover-chA"]
[Site "Lehrte"]
[Date "2016.10.02"]
[Round "3"]
[White "Polnau, Manuel"]
[Black "Schoenfeld, Dietmar"]
[Result "1-0"]
[WhiteElo "2021"]
[BlackElo "1888"]
[PlyCount "53"]
[EventDate "2016.10.01"]
[EventType "swiss"]
[EventRounds "7"]
[EventCountry "GER"]
[SourceTitle "EXT 2020"]
[Source "ChessBase"]
[SourceDate "2019.10.17"]
[SourceVersion "1"]
[SourceVersionDate "2019.10.17"]
[SourceQuality "1"]

1. e4 c5 2. Nf3 d6 3. Bb5+ Bd7 4. Bxd7+ Qxd7 5. c4 Nc6 6. d4 cxd4 7. Nxd4 Nf6 8. Nc3 g6 9. b3 Bg7 10. Bb2 0-0 11. 0-0 a6 12. Nxc6 Qxc6 13. Nd5 Nxd5 14. exd5 Qd7 15. Bxg7 Kxg7 16. Re1 Rfe8 17. Qd4+ Kg8 18. Re4 Rac8 19. Rae1 b5 20. h4 bxc4 21. bxc4 Qc7 22. h5 Qc5 23. hxg6 hxg6 24. Qd2 Kg7 25. Qc3+ Kg8 26. Rh4 f6 27. Qh3 1-0

[Event "Hannover Ihme Cup"]
[Site "Hannover"]
[Date "2016.05.22"]
[Round "4"]
[White "Hoffmann, Lukas"]
[Black "Polnau, Manuel"]
[Result "1-0"]
[WhiteElo "2270"]
[BlackElo "2013"]
[PlyCount "59"]
[EventDate "2016.05.20"]
[EventType "swiss"]
[EventRounds "5"]
[EventCountry "GER"]
[SourceTitle "CBM 189 Extra"]
[Source "ChessBase"]
[SourceDate "2019.06.03"]
[SourceVersion "1"]
[SourceVersionDate "2019.06.03"]
[SourceQuality "1"]

1. Nf3 Nf6 2. c4 g6 3. g3 Bg7 4. d4 0-0 5. Bg2 d6 6. 0-0 Nc6 7. Nc3 a6 8. Qd3 e5 9. dxe5 dxe5 10. Qxd8 Rxd8 11. Bg5 Be6 12. Nd2 h6 13. Bxf6 Rxd2 14. Bxg7 Kxg7 15. Bxc6 bxc6 16. b3 Rad8 17. Rfd1 a5 18. Kf1 Rxd1+ 19. Rxd1 Rxd1+ 20. Nxd1 a4 21. bxa4 Bxc4 22. a5 c5 23. Ne3 Be6 24. a4 f5 25. a6 Bc8 26. Nd5 Bxa6 27. Nxc7 Bb7 28. a5 Kf7 29. a6 Bc6 30. a7 1-0

[Event "Hannover Ihme Cup"]
[Site "Hannover"]
[Date "2016.05.21"]
[Round "3"]
[White "Polnau, Manuel"]
[Black "Herrmann, Andreas"]
[Result "1-0"]
[WhiteElo "2013"]
[BlackElo "2149"]
[PlyCount "133"]
[EventDate "2016.05.20"]
[EventType "swiss"]
[EventRounds "5"]
[EventCountry "GER"]
[SourceTitle "CBM 189 Extra"]
[Source "ChessBase"]
[SourceDate "2019.06.03"]
[SourceVersion "1"]
[SourceVersionDate "2019.06.03"]
[SourceQuality "1"]

1. e4 c5 2. Nf3 d6 3. Bb5+ Bd7 4. Bxd7+ Qxd7 5. c4 Nc6 6. d4 cxd4 7. Nxd4 Nf6 8. Nc3 g6 9. f3 Bg7 10. Be3 0-0 11. 0-0 Rfe8 12. Qd2 Rac8 13. b3 Qc7 14. Rac1 Qb8 15. Rfd1 a6 16. a4 Nd7 17. Nd5 Nc5 18. Rb1 e6 19. Nb6 Rcd8 20. b4 Nd7 21. Nxc6 bxc6 22. a5 Bf8 23. Bg5 Nxb6 24. Bxd8 Nxc4 25. Qc3 d5 26. Bf6 Qa7+ 27. Bd4 Qb7 28. h4 Rb8 29. Bc5 Bg7 30. Bd4 Bh6 31. h5 Qc7 32. hxg6 hxg6 33. Kf2 f5 34. Rh1 Bg7 35. Bxg7 Qxg7 36. Qxg7+ Kxg7 37. exf5 exf5 38. Rhe1 Kf6 39. Rh1 Ne5 40. Rhd1 f4 41. g3 fxg3+ 42. Kxg3 Nc4 43. Rd4 Nd6 44. Rdd1 Nf5+ 45. Kf2 Nd6 46. Rh1 Nc4 47. Rh7 Ne5 48. Ke2 Re8 49. Ra7 Nc4+ 50. Kf2 Ne3 51. Rxa6 Kf5 52. Kg3 d4 53. Rd1 Rd8 54. f4 Nc4 55. Rxc6 Ne3 56. Rc5+ Kf6 57. Rd3 Nf5+ 58. Kg4 Rh8 59. Rc6+ Kg7 60. Kf3 Rh1 61. a6 Rf1+ 62. Ke2 Ra1 63. b5 Kf7 64. Rc7+ Ke6 65. a7 Kd6 66. b6 Ra4 67. Rc8 1-0

[Event "Niedersachsen-ch U18"]
[Site "Rotenburg/Wuemme"]
[Date "2007.04.04"]
[Round "6"]
[White "Polnau, Manuel"]
[Black "Juenemann, Marcel"]
[Result "1-0"]
[WhiteElo "1981"]
[BlackElo "1920"]
[PlyCount "73"]
[EventDate "2007.03.31"]
[EventType "swiss"]
[EventRounds "9"]
[EventCountry "GER"]
[SourceTitle "EXT 2008"]
[Source "ChessBase"]
[SourceDate "2007.11.25"]
[SourceVersion "1"]
[SourceVersionDate "2007.11.25"]
[SourceQuality "1"]

1. e4 c5 2. Nf3 d6 3. d4 cxd4 4. Qxd4 Nc6 5. Bb5 Bd7 6. Bxc6 Bxc6 7. Nc3 Nf6 8. Bg5 e6 9. 0-0-0 Be7 10. Rhe1 Qc7 11. Kb1 0-0 12. Qd2 Rfd8 13. Nd4 Rac8 14. f3 a6 15. g4 b5 16. Be3 b4 17. Nce2 a5 18. g5 Nd7 19. h4 Ne5 20. b3 Rb8 21. h5 a4 22. Nxc6 Qxc6 23. Nd4 Qc7 24. f4 Nd7 25. g6 Bf6 26. gxf7+ Kxf7 27. f5 Nc5 28. Nxe6 Nxe6 29. fxe6+ Ke7 30. Bd4 Bxd4 31. Qxd4 Kxe6 32. Qd5+ Kd7 33. e5 a3 34. exd6 Qc3 35. Re7+ Kc8 36. Qe6+ Rd7 37. Qxd7# 1-0

[Event "Niedersachsen-ch U18"]
[Site "Rotenburg/Wuemme"]
[Date "2007.04.01"]
[Round "2"]
[White "Sanning, Nico"]
[Black "Polnau, Manuel"]
[Result "1/2-1/2"]
[WhiteElo "1896"]
[BlackElo "1981"]
[PlyCount "118"]
[EventDate "2007.03.31"]
[EventType "swiss"]
[EventRounds "9"]
[EventCountry "GER"]
[SourceTitle "EXT 2008"]
[Source "ChessBase"]
[SourceDate "2007.11.25"]
[SourceVersion "1"]
[SourceVersionDate "2007.11.25"]
[SourceQuality "1"]

1. e4 c5 2. Nc3 e6 3. f4 Nf6 4. Nf3 a6 5. a4 Nc6 6. g3 d5 7. e5 Nd7 8. Bh3 Be7 9. d3 Nb6 10. 0-0 Bd7 11. Ne2 d4 12. c4 dxc3 13. bxc3 Nd5 14. g4 Qb6 15. Bd2 Qc7 16. Qb3 Na5 17. Qc2 c4 18. d4 Nb3 19. Ra2 Bc6 20. Nc1 Nxc1 21. Qxc1 b5 22. axb5 axb5 23. Rxa8+ Bxa8 24. f5 Kd7 25. fxe6+ fxe6 26. Bg5 Rf8 27. Bxe7 Nxe7 28. Nh4 Rxf1+ 29. Qxf1 Qb7 30. Bg2 Qb8 31. Nf3 Qf8 32. Ng5 Qxf1+ 33. Kxf1 Bxg2+ 34. Kxg2 b4 35. Ne4 b3 36. Nd2 b2 37. Kf2 Nd5 38. Nb1 g5 39. Ke2 Kc6 40. Kd2 h6 41. Na3 Nb6 42. Kc2 Kd5 43. Kxb2 Ke4 44. Nb5 Kf4 45. Nc7 Kxg4 46. Nxe6 Nd5 47. Ng7 Kh3 48. Nf5 Kxh2 49. Nxh6 Kh3 50. e6 g4 51. Nxg4 Kxg4 52. Ka3 Kf5 53. e7 Nxe7 54. Kb4 Ke6 55. Kxc4 Kd6 56. Kd3 Nc6 57. c4 Na5 58. Kc3 Nxc4 59. Kxc4 Kc6 1/2-1/2

[Event "Niedersachsen-ch U18"]
[Site "Rotenburg/Wuemme"]
[Date "2007.03.31"]
[Round "1"]
[White "Polnau, Manuel"]
[Black "Opaska, Ines"]
[Result "1/2-1/2"]
[WhiteElo "1981"]
[BlackElo "1760"]
[PlyCount "82"]
[EventDate "2007.03.31"]
[EventType "swiss"]
[EventRounds "9"]
[EventCountry "GER"]
[SourceTitle "EXT 2008"]
[Source "ChessBase"]
[SourceDate "2007.11.25"]
[SourceVersion "1"]
[SourceVersionDate "2007.11.25"]
[SourceQuality "1"]

1. e4 d5 2. exd5 Qxd5 3. Nc3 Qd6 4. Bc4 a6 5. d3 Nf6 6. a4 g6 7. Nge2 Bg7 8. 0-0 Nc6 9. Ng3 0-0 10. Bd2 e6 11. Nce4 Nxe4 12. Nxe4 Qd7 13. Bc3 Bxc3 14. bxc3 Qe7 15. f4 Na5 16. Bb3 Bd7 17. d4 Rfd8 18. Qe2 Bc6 19. Nc5 b6 20. Nxa6 Bb7 21. Nb4 c5 22. Na2 c4 23. Bxc4 Nxc4 24. Qxc4 Ba6 25. Qb3 Bxf1 26. Rxf1 Qa7 27. Nb4 Qxa4 28. Rb1 Qxb3 29. cxb3 b5 30. Nc6 Rd7 31. Ne5 Rc7 32. c4 bxc4 33. bxc4 f6 34. Ng4 Kg7 35. d5 exd5 36. cxd5 Rd8 37. Ne3 Re7 38. Kf2 f5 39. Kf3 Ra7 40. Rb3 Re7 41. Rb6 Rxe3+ 1/2-1/2

[Event "Hannover-ch U18"]
[Site "Lehrte"]
[Date "2006.10.17"]
[Round "7"]
[White "Polnau, Manuel"]
[Black "Maetzig, Jonas"]
[Result "1-0"]
[WhiteElo "1966"]
[BlackElo "1590"]
[PlyCount "99"]
[EventDate "2006.10.14"]
[EventType "swiss"]
[EventRounds "7"]
[EventCountry "GER"]
[SourceTitle "EXT 2021"]
[Source "ChessBase"]
[SourceDate "2020.10.23"]
[SourceVersion "1"]
[SourceVersionDate "2020.10.23"]
[SourceQuality "1"]

1. e4 e5 2. Bc4 Nc6 3. Nc3 Nf6 4. d3 d6 5. f4 Be7 6. Nf3 Bg4 7. h3 Bxf3 8. Qxf3 Qd7 9. 0-0 Nd4 10. Qf2 c6 11. Be3 Ne6 12. Ne2 Bf8 13. Bb3 Qe7 14. Ng3 Nd7 15. Nf5 Qf6 16. fxe5 dxe5 17. Qg3 Qg6 18. Qxg6 hxg6 19. Bxe6 gxf5 20. Bxd7+ Kxd7 21. Rxf5 f6 22. d4 exd4 23. Bxd4 Rh4 24. Re1 Re8 25. c3 Rhxe4 26. Rxe4 Rxe4 27. Kf2 Ke6 28. Rf3 Kd5 29. b3 b6 30. Rd3 Ke6 31. Kf3 Rh4 32. c4 Bd6 33. Bf2 Rf4+ 34. Ke2 Rf5 35. Bg3 Bxg3 36. Rxg3 Rg5 37. Re3+ Re5 38. Rxe5+ Kxe5 39. Ke3 g5 40. g3 Kf5 41. Kd4 Ke6 42. Ke4 f5+ 43. Kf3 Ke5 44. h4 g4+ 45. Ke3 f4+ 46. gxf4+ Kf5 47. b4 b5 48. c5 a6 49. a3 Kg6 50. Kf2 1-0

[Event "Hannover-ch U18"]
[Site "Lehrte"]
[Date "2006.10.15"]
[Round "3"]
[White "Polnau, Manuel"]
[Black "Vossfeldt, Michael"]
[Result "1-0"]
[WhiteElo "1966"]
[BlackElo "1440"]
[PlyCount "71"]
[EventDate "2006.10.14"]
[EventType "swiss"]
[EventRounds "7"]
[EventCountry "GER"]
[SourceTitle "EXT 2021"]
[Source "ChessBase"]
[SourceDate "2020.10.23"]
[SourceVersion "1"]
[SourceVersionDate "2020.10.23"]
[SourceQuality "1"]

1. e4 e5 2. Bc4 Nc6 3. Nc3 Nf6 4. d3 Bc5 5. f4 d6 6. Nf3 exf4 7. Bxf4 0-0 8. Na4 Bd4 9. Bg5 Be6 10. c3 Bxc4 11. cxd4 Ba6 12. 0-0 h6 13. Bh4 g5 14. Nxg5 Nxe4 15. Nf3 Ng5 16. Nxg5 hxg5 17. Rf5 f6 18. Qh5 Qe8 19. Qg4 Bxd3 20. Rf2 Qe4 21. Qxe4 Bxe4 22. Nc3 Bg6 23. Bg3 Nxd4 24. Nd5 Ne6 25. Re1 Rae8 26. Nxf6+ Kg7 27. Nxe8+ Rxe8 28. Rfe2 Kf7 29. Bf2 a6 30. Bd4 Bf5 31. Bc3 Rg8 32. Rf2 Nf4 33. Bd2 Kf6 34. Bxf4 gxf4 35. Rxf4 Rg7 36. Ref1 1-0

[Event "Niedersachsen-ch U18"]
[Site "Rotenburg/Wuemme"]
[Date "2006.04.09"]
[Round "2"]
[White "Polnau, Manuel"]
[Black "Schulze, Dorothee"]
[Result "1/2-1/2"]
[WhiteElo "1934"]
[BlackElo "1946"]
[PlyCount "32"]
[EventDate "2006.04.08"]
[EventType "swiss"]
[EventRounds "9"]
[EventCountry "GER"]
[SourceTitle "EXT 2007"]
[Source "ChessBase"]
[SourceDate "2006.11.23"]
[SourceVersion "1"]
[SourceVersionDate "2006.11.23"]
[SourceQuality "1"]

1. e4 c5 2. Nf3 d6 3. d4 cxd4 4. Qxd4 Nc6 5. Bb5 Bd7 6. Bxc6 Bxc6 7. Nc3 Nf6 8. Bg5 e6 9. 0-0-0 Be7 10. Rhe1 a6 11. e5 dxe5 12. Qh4 Qc7 13. Nxe5 Rc8 14. Ng4 Nxg4 15. Bxe7 Qxe7 16. Qxg4 0-0 1/2-1/2

[Event "Niedersachsen-ch U18"]
[Site "Rotenburg/Wuemme"]
[Date "2006.04.09"]
[Round "3"]
[White "Wolf, Christoph"]
[Black "Polnau, Manuel"]
[Result "1-0"]
[WhiteElo "1960"]
[BlackElo "1934"]
[PlyCount "81"]
[EventDate "2006.04.08"]
[EventType "swiss"]
[EventRounds "9"]
[EventCountry "GER"]
[SourceTitle "EXT 2007"]
[Source "ChessBase"]
[SourceDate "2006.11.23"]
[SourceVersion "1"]
[SourceVersionDate "2006.11.23"]
[SourceQuality "1"]

1. e4 e6 2. d4 d5 3. Nc3 Bb4 4. e5 c5 5. a3 Bxc3+ 6. bxc3 Ne7 7. h4 Qa5 8. Bd2 Nbc6 9. h5 h6 10. Nf3 Bd7 11. Bd3 Qc7 12. Kf1 0-0-0 13. a4 f6 14. Bf4 c4 15. Be2 g5 16. exf6 Qxf4 17. fxe7 Nxe7 18. Ne5 Rdf8 19. Bf3 Rhg8 20. Qe1 Qf5 21. Bg4 Qf6 22. Rh3 Nf5 23. Rf3 Qg7 24. Qb1 Nd6 25. Qb4 Ne4 26. Rb1 Nd2+ 27. Ke2 Nxb1 28. Qc5+ Bc6 29. Bxe6+ Kb8 30. Qd6+ Ka8 31. Bxg8 Rxg8 32. Rf7 Nxc3+ 33. Kf1 Qxf7 34. Nxf7 Ne4 35. Qxh6 Bxa4 36. Qe6 Bxc2 37. Qxd5 Bd3+ 38. Kg1 Rf8 39. Nd8 Nc5 40. dxc5 Be4 41. Qd7 1-0

[Event "Niedersachsen-ch U16"]
[Site "Rotenburg/Wuemme"]
[Date "2005.03.23"]
[Round "7"]
[White "Schiborr, Corinna"]
[Black "Polnau, Manuel"]
[Result "1/2-1/2"]
[WhiteElo "1419"]
[BlackElo "1625"]
[PlyCount "87"]
[EventDate "2005.03.19"]
[EventType "swiss"]
[EventRounds "9"]
[EventCountry "GER"]
[SourceTitle "EXT 2007"]
[Source "ChessBase"]
[SourceDate "2006.11.23"]
[SourceVersion "1"]
[SourceVersionDate "2006.11.23"]
[SourceQuality "1"]

1. e4 e6 2. d4 d5 3. e5 c5 4. c3 Qb6 5. Nf3 Nc6 6. Be2 cxd4 7. cxd4 Nge7 8. Na3 Nf5 9. Nc2 Be7 10. 0-0 0-0 11. g4 Nh4 12. Nxh4 Bxh4 13. Kg2 Be7 14. f4 f6 15. Bd3 Nb4 16. Nxb4 Qxb4 17. a3 Qb6 18. Bc2 Bd7 19. Qd3 g6 20. Rf3 fxe5 21. dxe5 Rac8 22. g5 Qb5 23. Qd1 Qc5 24. Bd3 Bb5 25. b4 Qc6 26. h4 Bxd3 27. Rxd3 Qc2+ 28. Qxc2 Rxc2+ 29. Kg3 Rfc8 30. Bd2 Kf7 31. Rh1 Ra2 32. Be3 a6 33. h5 Kg7 34. Bd4 Rcc2 35. Kg4 Rh2 36. Rxh2 Rxh2 37. hxg6 hxg6 38. Rc3 Ra2 39. Rc7 Kf8 40. Rxb7 Rxa3 41. Rb8+ Kf7 42. Rb7 Ke8 43. Rb8+ Kf7 44. Rb7 1/2-1/2

[Event "Niedersachsen-ch U16"]
[Site "Rotenburg/Wuemme"]
[Date "2005.03.21"]
[Round "4"]
[White "Vogel, Christopher"]
[Black "Polnau, Manuel"]
[Result "1/2-1/2"]
[WhiteElo "1532"]
[BlackElo "1625"]
[PlyCount "95"]
[EventDate "2005.03.19"]
[EventType "swiss"]
[EventRounds "9"]
[EventCountry "GER"]
[SourceTitle "EXT 2007"]
[Source "ChessBase"]
[SourceDate "2006.11.23"]
[SourceVersion "1"]
[SourceVersionDate "2006.11.23"]
[SourceQuality "1"]

1. d4 Nf6 2. c4 g6 3. Nc3 Bg7 4. e4 d6 5. Nf3 0-0 6. Bd3 e5 7. d5 a5 8. Bg5 h6 9. Bh4 h5 10. h3 Qe8 11. 0-0 Nh7 12. Kh2 Bh6 13. a3 g5 14. Qd2 Kg7 15. Bxg5 Nxg5 16. Nxg5 f6 17. h4 Qe7 18. f4 exf4 19. Qxf4 fxg5 20. Qxf8+ Qxf8 21. Rxf8 Kxf8 22. hxg5 Bxg5 23. Rf1+ Kg7 24. Be2 Bg4 25. Bxg4 hxg4 26. Kg3 Na6 27. Kxg4 Bf6 28. Nd1 Rf8 29. Rf5 Be7 30. Rxf8 Kxf8 31. Kf5 Kf7 32. g4 Nc5 33. b4 axb4 34. axb4 Na6 35. b5 Nc5 36. b6 cxb6 37. Nc3 Nb3 38. Na4 b5 39. cxb5 Nd4+ 40. Kf4 Nxb5 41. e5 Nc7 42. exd6 Bxd6+ 43. Ke4 Kf6 44. Nb6 Bc5 45. Nd7+ Kg5 46. Nxc5 Nxd5 47. Nxb7 Kxg4 48. Kxd5 1/2-1/2

[Event "Hannover Region-ch op"]
[Site "Hannover"]
[Date "2003.03.01"]
[Round "5"]
[White "Zadneprovskaja, Ninel"]
[Black "Polnau, Manuel"]
[Result "0-1"]
[WhiteElo "1439"]
[BlackElo "1207"]
[PlyCount "112"]
[EventDate "2003.01.25"]
[EventType "swiss"]
[EventRounds "7"]
[EventCountry "GER"]
[SourceTitle "EXT 2022"]
[Source "ChessBase"]
[SourceDate "2021.10.06"]
[SourceVersion "1"]
[SourceVersionDate "2021.10.06"]
[SourceQuality "1"]

1. b4 e5 2. Bb2 Bxb4 3. Bxe5 Nf6 4. Nf3 Nc6 5. Bb2 0-0 6. a3 Bc5 7. e3 Be7 8. Bc4 d5 9. Ba2 Re8 10. h3 Be6 11. 0-0 Qd7 12. Ng5 Bf5 13. Qf3 h6 14. Nxf7 Kxf7 15. Bxf6 Bxf6 16. Bxd5+ Be6 17. Nc3 Kg8 18. d4 Rf8 19. Bxe6+ Qxe6 20. Qd5 Qxd5 21. Nxd5 Rf7 22. Nxf6+ Rxf6 23. c4 Ne7 24. c5 Nd5 25. Rab1 Rb8 26. Rb3 b5 27. a4 a6 28. axb5 Rxb5 29. Rxb5 axb5 30. e4 Nc3 31. Re1 Re6 32. f3 b4 33. Re3 Ra6 34. d5 b3 35. Rxc3 b2 36. Rb3 Ra1+ 37. Kh2 b1Q 38. Rxb1 Rxb1 39. d6 cxd6 40. cxd6 Rb8 41. Kg3 Kf7 42. e5 Ke6 43. f4 Rf8 44. Kf3 g5 45. g3 h5 46. Ke4 gxf4 47. gxf4 h4 48. Kf3 Kf5 49. Ke3 Rg8 50. Kd4 Kxf4 51. d7 Kf5 52. Kd5 Rd8 53. Kd6 Rxd7+ 54. Kxd7 Kxe5 55. Ke7 Kf4 56. Kf6 Kg3 0-1